1061 1632 1857 1711 1472 1420 1765 1681 1167 1870 1889 1535 1463 1749 1329 1394 1948 1840 1420 1325 1375 1828 1301 1402 1256 1291 1028 1344 1190 1163 1778 1911 1583 1529 1300 1897 1600 1816 1232 1369 1490 1634 1488 1010 1070 1198 1731 1574 1860 1317 1958 1836 1938 1459 1870 1659 1488 1878 1271 1654 1061 1191 1962 1105 1869 1981 1637 1384 1467 1745 1671 1696 1698 1135 1462 1311 1643 1315 1267 1425 1845 1963 1221 1056 1189 1025 1206 1020 1295 1873 1947 1280 1686 1193 1016 1089 1023 1341 1398 BCNSPRNW ULIB Ver.6.0+V

เปลี่ยนเป็นภาษาไทย

Change to English
 แสดงรายละเอียดบรรณานุกรม
  กลับหน้าหลัก

Brief Record : Get Marc (ISO 2709) : E-mail record : QR code < ปิดหน้าต่าง
LEADER : 00000nam 2200000uu 4500
001    13399115249
003     ULIB
008    120808s2549||||th 000 0 tha d
020    ^a9746134248(ล.1)
060  4 ^aWA671^bม246พ ล.1 2549
110 1  ^aมหาวิทยาลัยสุโขทัยธรรมาธิราช^bสาขาวิชาวิทยาศาสตร์สุขภาพ
245 00 ^aเอกสารการสอนชุดวิชา พิษวิทยาและเวชศาสตร์อุตสาหกรรม หน่วยที่1-7=^bToxicology and industrial medicine/^cสาขาวิชาวิทยาศาสตร์สุขภาพ มหาวิทยาลัยสุโขทัยธรรมาธิราช
246 0  ^aToxicology and industrial medicine
250    ^aพิมพ์ครั้งที่ 12
260    ^aนนทบุรี:^bศูนย์หนังสือมหาวิทยาลัยสุโขทัยธรรมาธิราช,^c2549
300    ^a342 หน้า
650  7 ^aพิษวิทยา
650  7 ^aเวชศาสตร์อุตสาหกรรม
945    ^p0^l0^i14748
995    ^aกัณชพร
999    ^aใช้งานได้ทุกระบบ
รายการนี้ยังไม่มีแท็ก
คุณยังไม่ได้ล็อกอิน คุณสามารถมีกิจกรรมร่วมกับเว็บไซต์ได้ แต่ต้องล็อกอินก่อน ::
  ล็อกอิน

รายการสื่อสารสนเทศ

ลำดับที่ ประเภท เลขเรียก/บาร์โค้ด สถานที่ สถานะ
- ไม่พบข้อมูล -

รายการใกล้เคียง
    หัวเรื่อง [พิษวิทยา]
    หัวเรื่อง [เวชศาสตร์อุตสาหกรรม]

BibComment


ยังไม่เคยถูกคอมเมนท์

คอมเมนท์ทรัพยากรรายการนี้
  คอมเมนท์: เอกสารการสอนชุดว..


 Copyright 2026. Bcnsprnw @Library